00589cas a22001817a 450000500170000000800410001701000100005801100100006803500100007824500650008826000850015330000070023831000160024536200150026150000510027665000580032786600220038520220329142132.0990903d1984 mx ur pernn 0 0b1spa d a78975 a79947 a9037900aCRUNOc/por UACH. Centro Regional Universitario del Noroeste0 aCocorit, Sonora :b/por UACH. Centro Regional Universitario del Noroeste,c1984- av. aDesconocida an.2, 1985. aSe dejó de recibir a partir del n.2 de 1985.14aAgriculturaxInvestigacionxPublicaciones periodicas. an.1-2 (1984-1985)